Thinking About Evolution: (Record no. 6781)

MARC details
000 -LEADER
fixed length control field 01343cam a22003014a 4500
001 - CONTROL NUMBER
control field 11956224
003 - CONTROL NUMBER IDENTIFIER
control field OSt
005 - DATE AND TIME OF LATEST TRANSACTION
control field 20210225104429.0
008 - FIXED-LENGTH DATA ELEMENTS--GENERAL INFORMATION
fixed length control field 000328s2001 nyua b 001 0 eng
010 ## - LIBRARY OF CONGRESS CONTROL NUMBER
LC control number 00037822
020 ## - INTERNATIONAL STANDARD BOOK NUMBER
International Standard Book Number 0521620708
040 ## - CATALOGING SOURCE
Original cataloging agency DLC
Transcribing agency DLC
Modifying agency DLC
042 ## - AUTHENTICATION CODE
Authentication code pcc
082 00 - DEWEY DECIMAL CLASSIFICATION NUMBER
Classification number 576.8 THI 2001
Edition number 21
100 ## - MAIN ENTRY--PERSONAL NAME
Personal name Edited by Rama S. Singh; [et...al]
9 (RLIN) 13911
245 00 - TITLE STATEMENT
Title Thinking About Evolution:
Remainder of title historical, philosophical, and political perspectives
260 ## - PUBLICATION, DISTRIBUTION, ETC. (IMPRINT)
Name of publisher, distributor, etc. Cambridge University Press,
Date of publication, distribution, etc. 2001.
300 ## - PHYSICAL DESCRIPTION
Extent xvii, 606 p. :
Other physical details ill. ;
Dimensions 25 cm.
500 ## - GENERAL NOTE
General note "This is the second of two volumes published in honor of Richard Lewontin.... In this second volume of essays, we honor the philosophical, historical, and political dimensions of his work."--Introduction.
504 ## - BIBLIOGRAPHY, ETC. NOTE
Bibliography, etc Includes bibliographical references.
650 #0 - SUBJECT ADDED ENTRY--TOPICAL TERM
Topical term or geographic name as entry element Evolution
9 (RLIN) 13605
650 #0 - SUBJECT ADDED ENTRY--TOPICAL TERM
Topical term or geographic name as entry element Biology
9 (RLIN) 5602
856 42 - ELECTRONIC LOCATION AND ACCESS
Materials specified Publisher description
Uniform Resource Identifier http://www.loc.gov/catdir/description/cam021/00037822.html
856 41 - ELECTRONIC LOCATION AND ACCESS
Materials specified Table of contents
Uniform Resource Identifier http://www.loc.gov/catdir/toc/cam026/00037822.html
906 ## - LOCAL DATA ELEMENT F, LDF (RLIN)
a 7
b cbc
c orignew
d 1
e ocip
f 20
g y-gencatlg
942 ## - ADDED ENTRY ELEMENTS (KOHA)
Source of classification or shelving scheme Dewey Decimal Classification
Koha item type Open Shelf
Holdings
Withdrawn status Lost status Source of classification or shelving scheme Damaged status Not for loan Home library Current library Date acquired Source of acquisition Inventory number Total Checkouts Full call number Barcode Date last seen Koha item type Price effective from
    Dewey Decimal Classification     MUST Main Library MUST Main Library 18/02/2021 Donation 04/22109   576.8 THI 2001 2021-0213 18/02/2021 Open Shelf  
    Dewey Decimal Classification     MUST Main Library MUST Main Library 24/08/2021   03/20597   576.8 THI 2001 2021-0698 24/08/2021 Open Shelf 24/08/2021